000 00480nam a2200169Ia 4500
003 OSt
005 20260324132625.0
008 190216s9999||||xx |||||||||||||| ||und||
040 _coclc
082 _a843.7
_bBAL/M
100 _aBalzac, Honore De
_96684
245 0 _aMadalasayaya Paris /
_cHonore De Balzac
260 _bCurrent Books,
_c1997.
_aKottayam:
300 _a268p
650 _aMalayalam Novel
942 _cBK
_2ddc
_h843.7
_iBAL/M
_k843.7
_mBAL/M
999 _c27684
_d27684